书目信息 |
| 题名: |
油气田地下地质学
|
|
| 作者: | 纪友亮 , 张立强 主编 | |
| 分册: | ||
| 出版信息: | 上海 同济大学出版社 2007.01 |
|
| 页数: | 291页 | |
| 开本: | 26cm | |
| 丛书名: | ||
| 单 册: | ||
| 中图分类: | P618.130.2 | |
| 科图分类: | ||
| 主题词: | 石油天然气地质--shi you tian ran qi di zhi--高等学校--教材 | |
| 电子资源: | ||
| ISBN: | 7-5608-3226-1 | |
| 000 | 01090nam0 2200289 450 | |
| 001 | 012009080578 | |
| 005 | 20090918201839.01 | |
| 010 | @a7-5608-3226-1@dCNY35.00 | |
| 100 | @a20090918d2007 em y0chiy0120 ea | |
| 101 | 0 | @achi |
| 102 | @aCN@b310000 | |
| 105 | @aa a 000yy | |
| 106 | @ar | |
| 200 | 1 | @a油气田地下地质学@Ayou qi tian di xia di zhi xue@f纪友亮, 张立强主编@Fji you liang,zhang li qiang zhu bian |
| 210 | @a上海@c同济大学出版社@d2007.01 | |
| 215 | @a291页@c图@d26cm | |
| 300 | @a同济大学“十五”规划教材 | |
| 312 | @a英文并列题名取自封面 | |
| 320 | @a有书目 (第290-291页) | |
| 330 | @a本书主要内容涵盖了从钻井地质资料的录取到综合运用地质、地球物理来研究地下油气田地质结构、储层特征、油气水分布、地下温度和压力条件、油气储量计算等地质问题。 | |
| 510 | 1 | @aSubsurface geology of oil & gas fields@zeng |
| 606 | 0 | @a石油天然气地质@Ashi you tian ran qi di zhi@x高等学校@j教材 |
| 690 | @aP618.130.2@v4 | |
| 701 | 0 | @a纪友亮@Aji you liang@4主编 |
| 701 | 0 | @a张立强@Azhang li qiang@4主编 |
| 801 | 0 | @aCN@bQSSK@c20090918 |
| 905 | @b756557-59@dP618.130.2@eJ161@f3 | |
| 油气田地下地质学/纪友亮, 张立强主编.-上海:同济大学出版社,2007.01 |
| 291页:图;26cm |
| 同济大学“十五”规划教材 |
| ISBN 7-5608-3226-1:CNY35.00 |
| 本书主要内容涵盖了从钻井地质资料的录取到综合运用地质、地球物理来研究地下油气田地质结构、储层特征、油气水分布、地下温度和压力条件、油气储量计算等地质问题。 |
| ● |
| 相关链接 |
|
|
|
正题名:油气田地下地质学
索取号:P618.130.2/J161
 
预约/预借
| 序号 | 登录号 | 条形码 | 馆藏地/架位号 | 状态 | 备注 |
| 1 | 756557 | 207565570 | 自科二线504/504自科库 47排4列2层/ [索取号:P618.130.2/J161] | 在馆 | |
| 2 | 756558 | 207565589 | 自科库401/401自科库 131排1列3层/ [索取号:P618.130.2/J161] | 在馆 | |
| 3 | 756559 | 207565598 | 自科二线504/504自科库 47排2列6层/ [索取号:P618.130.2/J161] | 在馆 |